[Event "Fall TNM"]
[Site "San Francisco"]
[Date "2005.11.29"]
[Round "5"]
[White "Snyder, Larry"]
[Black "Livschitz, Louiza"]
[Result "1/2-1/2"]
[WhiteElo "2070"]
[BlackElo "1891"]
[PlyCount "76"]
[EventDate "2005.11.01"]
[EventType "swiss"]
[EventRounds "8"]
[EventCountry "USA"]

1. e4 c5 2. c3 Nf6 3. e5 Nd5 4. d4 cxd4 5. Nf3 Nc6 6. cxd4 d6 7. Bc4 Nb6 8. Bb3
dxe5 9. d5 Na5 10. Nc3 Nxb3 11. Qxb3 e6 12. Nxe5 exd5 13. Be3 Bd6 14. Qb5+ Bd7
15. Nxd7 Qxd7 16. Bxb6 axb6 17. Qxb6 O-O 18. O-O d4 19. Ne4 Ra6 20. Qb3 Qe6 21.
Qxe6 fxe6 22. Rfd1 e5 23. Rd3 Rc6 24. Rb3 b6 25. Kf1 Bc7 26. Ke2 Rc2+ 27. Kd3
Rfxf2 28. Nxf2 Rxf2 29. Rg1 Bd8 30. h3 Bg5 31. g4 Be3 32. Rh1 Rf4 33. Rxb6 e4+
34. Ke2 Rf2+ 35. Kd1 h6 36. Re1 Rd2+ 37. Kc1 Re2+ 38. Kd1 Rd2+ 1/2-1/2

[Event "Fall TNM"]
[Site "San Francisco"]
[Date "2005.11.29"]
[Round "5"]
[White "Traub, Igor"]
[Black "Sanguinetti, George"]
[Result "1-0"]
[WhiteElo "2104"]
[BlackElo "1941"]
[PlyCount "89"]
[EventDate "2005.11.01"]
[EventType "swiss"]
[EventRounds "8"]
[EventCountry "USA"]

1. e4 c5 2. Nf3 d6 3. g3 e5 4. Bg2 Nf6 5. d3 Be7 6. O-O O-O 7. a4 Nc6 8. Bg5
Qb6 9. Nbd2 Be6 10. b3 Qc7 11. Nc4 b6 12. Nh4 Kh8 13. Ne3 Ng8 14. Bxe7 Ncxe7
15. f4 f6 16. Rf2 Rad8 17. c4 Nh6 18. f5 Bg8 19. a5 Nc6 20. axb6 Qxb6 21. Rfa2
Rd7 22. Ra6 Qb7 23. Nf3 Rb8 24. R1a3 Nb4 25. R6a5 Nf7 26. g4 Nd8 27. g5 fxg5
28. Nxg5 Ndc6 29. Rb5 Qc8 30. Rxb8 Qxb8 31. Bh3 Rb7 32. Qf1 Qd8 33. Nf3 Nd4 34.
Ng4 Rf7 35. Nxd4 exd4 36. f6 gxf6 37. Nh6 Rg7+ 38. Kh1 Nc2 39. Ra2 Ne3 40. Qf4
Qe7 41. Ra6 Qb7 42. Ra1 Qxb3 43. Nxg8 Kxg8 44. Qxf6 Qb7 45. Be6+ 1-0

[Event "Fall TNM"]
[Site "San Francisco"]
[Date "2005.11.29"]
[Round "5"]
[White "Tuvshintugs, Batchimeg"]
[Black "Ismakov, Arthur"]
[Result "1-0"]
[WhiteElo "2270"]
[BlackElo "2117"]
[PlyCount "61"]
[EventDate "2005.11.01"]
[EventType "swiss"]
[EventRounds "8"]
[EventCountry "USA"]

1. e4 c5 2. Nf3 e6 3. d4 cxd4 4. Nxd4 Nf6 5. Nc3 Nc6 6. Be2 Bb4 7. O-O Bxc3 8.
bxc3 Nxe4 9. Bf3 Ng5 10. Bxc6 bxc6 11. Qg4 f6 12. h4 c5 13. Nb5 Nf7 14. Qxg7
Qb6 15. c4 a6 16. Nc3 Bb7 17. Qxf6 Rg8 18. Nd5 Qd8 19. Qf3 Ne5 20. Qh5+ Nf7 21.
Bg5 Rxg5 22. hxg5 exd5 23. Qxh7 Qxg5 24. Rab1 Bc6 25. Rfe1+ Kf8 26. Re3 Qg7 27.
Qf5 dxc4 28. Rg3 Qd4 29. Re1 Qd5 30. Qg6 Ne5 31. Qg7+ 1-0

[Event "Fall TNM"]
[Site "San Francisco"]
[Date "2005.11.29"]
[Round "5"]
[White "Wilkerson, Max"]
[Black "Chalissery, Jossy"]
[Result "1/2-1/2"]
[WhiteElo "1900"]
[BlackElo "1688"]
[PlyCount "92"]
[EventDate "2005.11.01"]
[EventType "swiss"]
[EventRounds "8"]
[EventCountry "USA"]

1. c4 e6 2. d4 d5 3. Nc3 dxc4 4. e4 c5 5. Nf3 cxd4 6. Nxd4 e5 7. Nf3 Qxd1+ 8.
Kxd1 Nc6 9. Bxc4 Bg4 10. Be3 O-O-O+ 11. Ke1 f6 12. Rc1 Kb8 13. Nd2 Nd4 14. f3
Bc8 15. Kf2 Ne7 16. b4 f5 17. Nb3 Nxb3 18. Bxb3 Nc6 19. exf5 Bxb4 20. Nd5 Ba3
21. Rcd1 Bxf5 22. g4 Bc8 23. h3 h6 24. f4 Rhf8 25. Kg3 Bd6 26. Rhf1 exf4+ 27.
Bxf4 Bxf4+ 28. Nxf4 g5 29. Ne6 Rxf1 30. Rxf1 Bxe6 31. Bxe6 Nd4 32. Rf6 Rd6 33.
Rf8+ Kc7 34. Bf5 Ne2+ 35. Kf2 Nf4 36. Kg3 Kb6 37. h4 Ng6 38. Bxg6 Rxg6 39. hxg5
hxg5 40. Rf5 a5 41. Kf3 Ka6 42. a4 Kb6 43. Ke4 Kc6 44. Ke5 b6 45. Kd4 Rd6+ 46.
Kc4 Rg6 1/2-1/2

[Event "Fall TNM"]
[Site "San Francisco"]
[Date "2005.11.29"]
[Round "5"]
[White "Woebcke, Carl"]
[Black "Russell, Joe"]
[Result "1/2-1/2"]
[WhiteElo "1718"]
[BlackElo "1386"]
[PlyCount "61"]
[EventDate "2005.11.01"]
[EventType "swiss"]
[EventRounds "8"]
[EventCountry "USA"]

1. e4 d6 2. d4 Nf6 3. Nc3 g6 4. f3 Bg7 5. Be3 c6 6. Bc4 b5 7. Bb3 a5 8. a3 Nbd7
9. Ba2 Bb7 10. b4 axb4 11. axb4 O-O 12. Nge2 e5 13. O-O exd4 14. Bxd4 Qe7 15.
f4 Nxe4 16. Bxg7 Kxg7 17. Qd4+ Nef6 18. Ng3 c5 19. bxc5 dxc5 20. Qd3 b4 21.
Rfe1 Qd8 22. Nce4 Qb6 23. Bc4 Rxa1 24. Rxa1 Nxe4 25. Nxe4 Qc6 26. Re1 Nf6 27.
Bb5 Qe6 28. f5 Qxf5 29. Nxf6 Qxf6 30. Qd7 Bc8 31. Qd5 {draw agreed} 1/2-1/2

[Event "Fall TNM"]
[Site "San Francisco"]
[Date "2005.11.29"]
[Round "5"]
[White "Wong, Russell"]
[Black "Sainz, Guadalupe"]
[Result "*"]
[WhiteElo "2200"]
[BlackElo "1679"]
[PlyCount "81"]
[EventDate "2005.11.01"]
[EventType "swiss"]
[EventRounds "8"]
[EventCountry "USA"]

1. e4 c5 2. f4 d5 3. Nf3 Bg4 4. h3 Bxf3 5. Qxf3 e6 6. d3 g6 7. g3 Ne7 8. Bg2
Bg7 9. O-O O-O 10. Nc3 dxe4 11. Nxe4 Nf5 12. Kh2 Nd4 13. Qf2 Nd7 14. c3 Nc6 15.
Be3 Re8 16. Nd6 Re7 17. Nxb7 Qc7 18. Nxc5 Rd8 19. Na6 Qc8 20. Bxc6 Qxa6 21. Bg2
Nb6 22. Bc5 Rc7 23. d4 Na4 24. Ba3 Nb6 25. Rfd1 Qa4 26. Qe2 Nc4 27. Bc5 Nb6 28.
Bxb6 axb6 29. Rd2 Qa5 30. a3 Qa4 31. d5 exd5 32. Bxd5 Re8 33. Qf3 Qa6 34. f5
gxf5 35. Qxf5 Re2+ 36. Rxe2 Qxe2+ 37. Kh1 Qxb2 38. Re1 Qxc3 39. Re8+ Bf8 40.
Qg5+ Qg7 41. Rxf8+ *

[Event "Fall TNM"]
[Site "San Francisco"]
[Date "2005.12.06"]
[Round "6"]
[White "Allen, Tom"]
[Black "Litowsky, Dan"]
[Result "0-1"]
[WhiteElo "1506"]
[BlackElo "1710"]
[PlyCount "120"]
[EventDate "2005.11.01"]
[EventType "swiss"]
[EventRounds "8"]
[EventCountry "USA"]

1. e4 e5 2. Nf3 Nc6 3. d4 exd4 4. c3 d6 5. cxd4 Nf6 6. Nc3 Be7 7. Bb5 Bd7 8. e5
dxe5 9. dxe5 Ng8 10. O-O a6 11. Bc4 h6 12. Qb3 Na5 13. Bxf7+ Kf8 14. Qd5 c6 15.
Qe4 Kxf7 16. e6+ Bxe6 17. Ne5+ Kf8 18. Ng6+ Ke8 19. Nxh8 Bf7 20. Nxf7 Kxf7 21.
b4 Nf6 22. Qf4 Qd3 23. Ne4 Nc4 24. Nd2 Nb6 25. Bb2 Nbd5 26. Qd4 Qxd4 27. Bxd4
Nxb4 28. Bxf6 Bxf6 29. Rab1 Nxa2 30. Rxb7+ Kg6 31. Rc7 a5 32. Rxc6 a4 33. Ra1
Nb4 34. Rxf6+ gxf6 35. Nc4 Nc2 36. Ra2 a3 37. f3 Kf5 38. Kf2 Ra4 39. Nd2 Nb4
40. Ra1 a2 41. Nb3 Nc2 42. Rd1 a1=Q 43. Nxa1 Rxa1 44. Rd5+ Kg6 45. h4 h5 46. g4
hxg4 47. fxg4 Ra4 48. Kf3 Nd4+ 49. Kg3 Ne2+ 50. Kf3 Nd4+ 51. Kg3 Ra3+ 52. Kf4
Ne6+ 53. Ke4 Ra4+ 54. Kf3 Rf4+ 55. Kg3 Rf1 56. h5+ Kh6 57. Rd6 Ng5 58. Kg2 Rf4
59. Kg3 Ne4+ 60. Kxf4 Nxd6 0-1

[Event "Fall TNM"]
[Site "San Francisco"]
[Date "2005.12.06"]
[Round "6"]
[White "Cendejas, Juan"]
[Black "Woebcke, Carl"]
[Result "0-1"]
[WhiteElo "1852"]
[BlackElo "1718"]
[PlyCount "32"]
[EventDate "2005.11.01"]
[EventType "swiss"]
[EventRounds "8"]
[EventCountry "USA"]

1. e4 c5 2. Nf3 d6 3. d4 cxd4 4. Nxd4 Nf6 5. Nc3 a6 6. Be2 e5 7. Nf3 Be6 8. Bg5
Be7 9. Qd2 Nbd7 10. O-O h6 11. Bh4 O-O 12. Rad1 Rc8 13. h3 Qb6 14. g4 Qxb2 15.
Nd5 Bxd5 16. exd5 Rxc2 0-1

[Event "Fall TNM"]
[Site "San Francisco"]
[Date "2005.12.06"]
[Round "6"]
[White "Drane, Robert"]
[Black "Snyder, Larry"]
[Result "0-1"]
[WhiteElo "1843"]
[BlackElo "2070"]
[PlyCount "114"]
[EventDate "2005.11.01"]
[EventType "swiss"]
[EventRounds "8"]
[EventCountry "USA"]

1. e4 d5 2. Nc3 d4 3. Nce2 e5 4. Nf3 f6 5. Ng3 Be6 6. b3 Nd7 7. Bc4 Bxc4 8.
bxc4 Nc5 9. d3 g6 10. O-O Qd7 11. Nd2 Ne6 12. Ne2 Bh6 13. Nb3 Bxc1 14. Qxc1 g5
15. Qa3 Ne7 16. Nc5 Nxc5 17. Qxc5 O-O 18. f3 Kf7 19. g4 Qc6 20. Qxc6 Nxc6 21.
Ng3 Ne7 22. Kf2 Ke6 23. Rab1 b6 24. Rb3 Rad8 25. Nh5 Rd6 26. Rfb1 Rc6 27. a4
Rc5 28. Rb5 Rxb5 29. Rxb5 Rd8 30. Rb2 Rd6 31. Ke2 Rc6 32. Kd2 Rc5 33. Kc1 Ra5
34. Ra2 a6 35. Kb2 Ng6 36. Ng7+ Kd7 37. Nf5 Ne7 38. Nxe7 Kxe7 39. Kb3 Kd6 40.
Kb4 Rc5 41. Ra1 a5+ 42. Kb3 Rc6 43. h4 h6 44. Rh1 Kc5 45. h5 Rd6 46. Rb1 Rd8
47. Ka3 c6 48. Rb3 Rb8 49. Rb2 b5 50. cxb5 cxb5 51. axb5 Rxb5 52. Rxb5+ Kxb5
53. Kb3 a4+ 54. Ka3 Ka5 55. c3 dxc3 56. d4 exd4 57. f4 d3 0-1

[Event "Fall TNM"]
[Site "San Francisco"]
[Date "2005.12.06"]
[Round "6"]
[White "Dupree, Charles"]
[Black "Sherwood, Peter"]
[Result "0-1"]
[WhiteElo "1848"]
[BlackElo "1711"]
[PlyCount "160"]
[EventDate "2005.11.01"]
[EventType "swiss"]
[EventRounds "8"]
[EventCountry "USA"]

1. e4 e6 2. b3 Nf6 3. Bb2 Nxe4 4. Nc3 Nf6 5. g4 Nc6 6. g5 Nd5 7. Nxd5 exd5 8.
h4 Qe7+ 9. Qe2 Qxe2+ 10. Nxe2 d6 11. Bg2 Ne7 12. Nf4 c6 13. O-O-O Bf5 14. h5 h6
15. gxh6 Rxh6 16. Rde1 Kd7 17. Re3 Ng8 18. Bh3 Bxh3 19. Rhxh3 Nf6 20. Kd1 Be7
21. Reg3 Rh7 22. Rg1 Ne4 23. Ke2 Bf6 24. Bc1 Re8 25. Kf1 Reh8 26. Rgh1 Ng5 27.
R3h2 Be5 28. d3 Ne6 29. Nxe6 Bxh2 30. Ng5 Rxh5 31. Nxf7 Be5 32. Rg1 Rg8 33.
Nxe5+ dxe5 34. Ke2 Ke6 35. Rg6+ Kf7 36. Rd6 Re8 37. Rd7+ Re7 38. Rd8 Ke6 39.
Ba3 Rd7 40. Re8+ Kf7 41. Rf8+ Kg6 42. Re8 Rf5 43. Bc5 a6 44. Be3 Rdf7 45. c3
Rf8 46. Re7 R5f7 47. Re6+ Kf5 48. Rd6 Rf6 49. Rd7 R8f7 50. Rd8 Ke6 51. Re8+ Kd6
52. Rd8+ Kc7 53. Rg8 g6 54. b4 b6 55. Ra8 Kb7 56. Re8 Rf5 57. Re6 g5 58. Rg6
Kc7 59. a3 Kd7 60. Rxg5 Rxg5 61. Bxg5 b5 62. Be3 Ke6 63. Bc5 Kf5 64. Be3 Rh7
65. Bd2 Rh1 66. Be1 Kg4 67. Kd1 Kf3 68. Kd2 Rh3 69. Kd1 Rh7 70. Kd2 Ra7 71. Kd1
a5 72. Kd2 axb4 73. axb4 Ra2+ 74. Kd1 Rb2 75. Kc1 Ra2 76. Kd1 Kg2 77. d4 e4 78.
Kc1 Kf1 79. Bd2 Kxf2 80. Bg5 e3 0-1

[Event "Fall TNM"]
[Site "San Francisco"]
[Date "2005.12.06"]
[Round "6"]
[White "Frank, Robert"]
[Black "Blagodarsky, Ilya"]
[Result "0-1"]
[WhiteElo "1361"]
[BlackElo "1332"]
[PlyCount "64"]
[EventDate "2005.11.01"]
[EventType "swiss"]
[EventRounds "8"]
[EventCountry "USA"]

1. d4 Nf6 2. Nf3 d5 3. e3 c5 4. c3 e6 5. Bd3 h6 6. O-O Bd6 7. Nbd2 O-O 8. e4
Be7 9. Re1 Nc6 10. dxc5 Bxc5 11. exd5 exd5 12. b4 Bd6 13. Nb3 Bg4 14. Be2 Qc7
15. h3 Bh5 16. Nbd4 Nxd4 17. Qxd4 b6 18. Bb2 Rad8 19. Nh4 Bxe2 20. Rxe2 Rfe8
21. Rae1 Rxe2 22. Rxe2 Qc6 23. Nf5 a5 24. Nxh6+ gxh6 25. bxa5 Bc5 26. Qh4 Kh7
27. axb6 Qxb6 28. Bc1 Bf8 29. Be3 Qb1+ 30. Kh2 Qg6 31. Rd2 Bd6+ 32. Kh1 Qb1+
0-1

[Event "Fall TNM"]
[Site "San Francisco"]
[Date "2005.12.06"]
[Round "6"]
[White "Grey, Peter"]
[Black "Ladyzhensky, Boris"]
[Result "1/2-1/2"]
[WhiteElo "2021"]
[BlackElo "1721"]
[PlyCount "91"]
[EventDate "2005.11.01"]
[EventType "swiss"]
[EventRounds "8"]
[EventCountry "USA"]

1. d4 Nf6 2. c4 g6 3. Nf3 Bg7 4. g3 O-O 5. Bg2 d5 6. cxd5 Nxd5 7. O-O Nc6 8. e4
Nb6 9. d5 Ne5 10. Nxe5 Bxe5 11. Nc3 a5 12. f4 Bg7 13. Qe2 a4 14. a3 h5 15. h3
Bd7 16. Rd1 Qc8 17. Kh2 c6 18. Be3 c5 19. Rac1 Bxc3 20. Rxc3 Ra5 21. Qf2 Qd8
22. Bxc5 Nc8 23. Bb4 Ra6 24. Rdc1 Nd6 25. Bxd6 exd6 26. Qd4 g5 27. Bf1 Rb6 28.
Rc7 Rb3 29. R7c2 gxf4 30. gxf4 Qh4 31. Rg2+ Bg4 32. Rc3 Kh7 33. Kg1 Rxc3 34.
Qxc3 Qxh3 35. Qxh3 Bxh3 36. Rg3 Bxf1 37. Kxf1 Rc8 38. Rc3 Rxc3 39. bxc3 Kg7 40.
Kf2 f5 41. e5 dxe5 42. fxe5 b5 43. Kg3 Kf7 44. Kf4 h4 45. Kf3 Ke7 46. Kf4
1/2-1/2

[Event "Fall TNM"]
[Site "San Francisco"]
[Date "2005.12.06"]
[Round "6"]
[White "Hilliard, Michael"]
[Black "Barrera, Jorge"]
[Result "0-1"]
[WhiteElo "1435"]
[BlackElo "1363"]
[PlyCount "86"]
[EventDate "2005.11.01"]
[EventType "swiss"]
[EventRounds "8"]
[EventCountry "USA"]

1. d4 f5 2. Nc3 Nf6 3. Bf4 d5 4. e3 Bd7 5. h4 e6 6. Nf3 c5 7. Qd2 Nc6 8. O-O-O
a6 9. Ne5 cxd4 10. exd4 Rc8 11. f3 Nh5 12. Be2 Nxf4 13. Qxf4 Bd6 14. Qe3 Qc7
15. Nxd7 Bf4 16. Rd3 Bxe3+ 17. Rxe3 Qxd7 18. Re1 O-O 19. Rd3 Qd6 20. Rf1 Qf4+
21. Kb1 Nxd4 22. g3 Qe5 23. f4 Qf6 24. Re1 Nxe2 25. Rxe2 b5 26. Rde3 Rc6 27.
Re5 h5 28. R2e3 Rfc8 29. Re2 Kf7 30. Nd1 Qg6 31. R5e3 Qg4 32. Nf2 Qg6 33. Nh3
Qf6 34. Ng5+ Ke7 35. Re5 Kd7 36. c3 Re8 37. Rd2 Qd8 38. Nxe6 Rexe6 39. Rdxd5+
Rcd6 40. Rxf5 Rxd5 41. Rxd5+ Rd6 42. Rxh5 Qe8 43. Re5 Qg6+ 0-1

[Event "Fall TNM"]
[Site "San Francisco"]
[Date "2005.12.06"]
[Round "6"]
[White "Kastor, Mark"]
[Black "Regan, Jack"]
[Result "1-0"]
[WhiteElo "1667"]
[BlackElo "1555"]
[PlyCount "56"]
[EventDate "2005.11.01"]
[EventType "swiss"]
[EventRounds "8"]
[EventCountry "USA"]

1. e4 c6 2. Nf3 d5 3. exd5 cxd5 4. d4 Bg4 5. Bd3 Nc6 6. c3 e6 7. O-O Bd6 8.
Nbd2 Qc7 9. Qa4 Nge7 10. Re1 O-O 11. g3 Nf5 12. Bf1 Nce7 13. Ne5 f6 14. Nxg4 e5
15. dxe5 fxe5 16. Qb3 h5 17. Ne3 h4 18. Ne4 hxg3 19. hxg3 Rad8 20. Nxd5 Nxd5
21. Qxd5+ Kh8 22. Nxd6 Nxd6 23. Qxe5 Rxf2 24. Kxf2 Qb6+ 25. Be3 Qxb2+ 26. Be2
Nc4 27. Rh1+ Kg8 28. Qe6+ Kf8 1-0

[Event "Fall TNM"]
[Site "San Francisco"]
[Date "2005.12.06"]
[Round "6"]
[White "McCutchen, Wilmot"]
[Black "Krasnov, Steven"]
[Result "0-1"]
[WhiteElo "1554"]
[BlackElo "1872"]
[PlyCount "66"]
[EventDate "2005.11.01"]
[EventType "swiss"]
[EventRounds "8"]
[EventCountry "USA"]

1. e4 c5 2. Nf3 e6 3. g3 b6 4. Bg2 Bb7 5. d3 Be7 6. O-O d6 7. Re1 Nc6 8. c3 h6
9. Nbd2 Nf6 10. Qe2 Qc7 11. Nf1 O-O 12. Rb1 a5 13. Bd2 Rfd8 14. h4 Ne5 15. Nxe5
dxe5 16. c4 Qd7 17. Bc3 Qxd3 18. Qxd3 Rxd3 19. Bxe5 Nd7 20. Bf4 e5 21. Be3 Nf6
22. Nd2 Rad8 23. Rbd1 Ng4 24. Re2 Nxe3 25. fxe3 g5 26. h5 Bc8 27. Bf3 g4 28.
Bg2 Bg5 29. Kf2 Bxe3+ 30. Rxe3 Rxd2+ 31. Rxd2 Rxd2+ 32. Re2 Rxe2+ 33. Kxe2 Kg7
0-1

[Event "Fall TNM"]
[Site "San Francisco"]
[Date "2005.12.06"]
[Round "6"]
[White "Nochomovitz, Yigal"]
[Black "Russell, Joe"]
[Result "1-0"]
[WhiteElo "1765"]
[BlackElo "1386"]
[PlyCount "33"]
[EventDate "2005.11.01"]
[EventType "swiss"]
[EventRounds "8"]
[EventCountry "USA"]

1. f4 Nf6 2. d3 d5 3. Nf3 c5 4. e3 Bg4 5. Be2 Nc6 6. O-O Qc7 7. Nc3 a6 8. e4
dxe4 9. dxe4 Bxf3 10. Bxf3 e5 11. fxe5 Qxe5 12. Nd5 g5 13. Nxf6+ Qxf6 14. Bh5
Qd4+ 15. Qxd4 Nxd4 16. Bxg5 Nxc2 17. Rxf7 1-0

[Event "Fall TNM"]
[Site "San Francisco"]
[Date "2005.12.06"]
[Round "6"]
[White "Ossipov, Victor"]
[Black "Kleiman, Charles"]
[Result "1-0"]
[WhiteElo "2166"]
[BlackElo "1883"]
[PlyCount "55"]
[EventDate "2005.11.01"]
[EventType "swiss"]
[EventRounds "8"]
[EventCountry "USA"]

1. d4 Nf6 2. Nf3 d5 3. Bf4 e6 4. e3 c5 5. c3 Nc6 6. Nbd2 Qb6 7. Qb3 Qxb3 8.
axb3 h6 9. dxc5 Bxc5 10. b4 Bb6 11. b5 Ne7 12. h3 Nd7 13. e4 f6 14. exd5 e5 15.
Bh2 Nxd5 16. Bc4 Ne7 17. Ne4 Bc7 18. O-O-O Nb6 19. Bb3 Bd7 20. Nc5 O-O-O 21.
Nxd7 Nxd7 22. Be6 Bb6 23. Bxe5 Bxf2 24. Bd6 Be3+ 25. Kc2 Ng6 26. Bf5 Ngf8 27.
Rd3 g6 28. Bxd7+ 1-0

[Event "Fall TNM"]
[Site "San Francisco"]
[Date "2005.12.06"]
[Round "6"]
[White "Perepelitsky, Philipp"]
[Black "Todortsev, Victor"]
[Result "1-0"]
[WhiteElo "2111"]
[BlackElo "1958"]
[PlyCount "71"]
[EventDate "2005.11.01"]
[EventType "swiss"]
[EventRounds "8"]
[EventCountry "USA"]

1. d4 Nf6 2. c4 e6 3. Nc3 c5 4. d5 exd5 5. cxd5 d6 6. e4 a6 7. a4 g6 8. h3 Bg7
9. Nf3 O-O 10. Bd3 Re8 11. O-O Nh5 12. Bg5 Qc7 13. Qd2 Nd7 14. Rac1 Ne5 15.
Nxe5 Bxe5 16. Ne2 Qb6 17. Rb1 Bd7 18. a5 Qa7 19. Be3 b5 20. axb6 Qxb6 21. b4
Qc7 22. Rfc1 Reb8 23. bxc5 Rxb1 24. Bxb1 dxc5 25. Bxc5 Bb5 26. Bd3 Bxd3 27.
Qxd3 Qd7 28. Bd4 Nf4 29. Nxf4 Bxf4 30. Rc6 a5 31. Bb2 Re8 32. g3 Qxh3 33. Qf3
Be5 34. Bxe5 Rxe5 35. Rc7 f5 36. Qc3 1-0

[Event "Fall TNM"]
[Site "San Francisco"]
[Date "2005.12.06"]
[Round "6"]
[White "Purcell, Brendan"]
[Black "Mar, Henry"]
[Result "1-0"]
[WhiteElo "1836"]
[BlackElo "1565"]
[PlyCount "53"]
[EventDate "2005.11.01"]
[EventType "swiss"]
[EventRounds "8"]
[EventCountry "USA"]

1. e4 e6 2. d4 d5 3. Nc3 Nf6 4. e5 Nfd7 5. f4 c5 6. Nf3 Be7 7. Be3 cxd4 8. Nxd4
a6 9. Qd2 Nc6 10. O-O-O Bb4 11. a3 Bxc3 12. Qxc3 Nxd4 13. Bxd4 O-O 14. Qh3 b5
15. Bd3 g6 16. g4 Nb6 17. f5 Nc4 18. f6 Kh8 19. Qh6 Rg8 20. h4 Qf8 21. Qf4 Nxa3
22. bxa3 Qxa3+ 23. Bb2 Qc5 24. g5 Bb7 25. h5 b4 26. hxg6 fxg6 27. Rxh7+ 1-0

[Event "Fall TNM"]
[Site "San Francisco"]
[Date "2005.12.06"]
[Round "6"]
[White "Riese, Kayven"]
[Black "Wong, Russell"]
[Result "0-1"]
[WhiteElo "1825"]
[BlackElo "2200"]
[PlyCount "46"]
[EventDate "2005.11.01"]
[EventType "swiss"]
[EventRounds "8"]
[EventCountry "USA"]

1. e4 Nf6 2. Nc3 d5 3. e5 Nfd7 4. f4 d4 5. Ne4 e6 6. Nf3 Nc5 7. Nxc5 Bxc5 8. c3
Nc6 9. Bb5 Bd7 10. Qa4 a6 11. Qc4 Be7 12. Bxc6 Bxc6 13. Qxd4 Qxd4 14. Nxd4 Bxg2
15. Rg1 Be4 16. Rxg7 c5 17. d3 Bxd3 18. Kd2 Bg6 19. Rxg6 hxg6 20. Nf3 O-O-O+
21. Ke2 c4 22. Be3 Rh3 23. b3 Rd3 0-1

[Event "Fall TNM"]
[Site "San Francisco"]
[Date "2005.12.06"]
[Round "6"]
[White "Robbins, Chuck"]
[Black "Akol, Haluk"]
[Result "1-0"]
[WhiteElo "1577"]
[BlackElo "1189"]
[PlyCount "111"]
[EventDate "2005.11.01"]
[EventType "swiss"]
[EventRounds "8"]
[EventCountry "USA"]

1. d4 d5 2. c4 Nf6 3. Nc3 e6 4. e3 Bb4 5. Nf3 h6 6. a3 Bxc3+ 7. bxc3 Nc6 8. Bd3
Qe7 9. O-O e5 10. cxd5 Nxd5 11. c4 Nf6 12. d5 Nd8 13. Bb1 Bg4 14. Qa4+ Kf8 15.
Nd2 e4 16. Qb3 Qe5 17. Bb2 Qh5 18. Bxe4 Be2 19. Bf3 Bxf3 20. Nxf3 Ng4 21. Qc3
f6 22. h3 Ne5 23. Nxe5 Ke7 24. Qb4+ Ke8 25. Ng4 Kf7 26. a4 a5 27. Qc3 Qg5 28.
Rae1 h5 29. Nh2 Kg6 30. f4 Qf5 31. e4 Qd7 32. e5 Qf5 33. e6 Re8 34. Rf3 b6 35.
Nf1 h4 36. Ne3 Qh5 37. Ng4 Nb7 38. Qd3+ f5 39. Ne5+ Kh7 40. Nd7 Nd6 41. Qc3 Rg8
42. Re5 Ne4 43. Qe1 Nf6 44. Nxf6+ gxf6 45. Ree3 Rg6 46. Rf2 Qh6 47. Qb1 Qh5 48.
e7 Re8 49. Re6 Kg7 50. Bc3 Kf7 51. Qe1 Qh6 52. c5 bxc5 53. Bxa5 Reg8 54. Bxc7
Qg7 55. e8=Q+ Rxe8 56. Rxe8 1-0

[Event "Fall TNM"]
[Site "San Francisco"]
[Date "2005.12.06"]
[Round "6"]
[White "Sainz, Guadalupe"]
[Black "Wilkerson, Max"]
[Result "1-0"]
[WhiteElo "1679"]
[BlackElo "1900"]
[PlyCount "91"]
[EventDate "2005.11.01"]
[EventType "swiss"]
[EventRounds "8"]
[EventCountry "USA"]

1. d4 Nf6 2. c4 g6 3. Nc3 Bg7 4. e4 d6 5. f4 c5 6. d5 Nbd7 7. Nf3 a6 8. Be2 O-O
9. O-O Qc7 10. h3 Rb8 11. Qc2 e6 12. dxe6 fxe6 13. Be3 b5 14. cxb5 axb5 15.
Nxb5 Qc6 16. Nc3 Bb7 17. Bb5 Qc7 18. a4 Bc6 19. e5 dxe5 20. Nxe5 Nxe5 21. fxe5
Qxe5 22. Bf2 Rfc8 23. Rae1 Qd6 24. Qe2 Re8 25. Qe3 Nd7 26. Bg3 e5 27. Rd1 Qc7
28. b3 Qb7 29. Bc4+ Kh8 30. Rf7 Rbd8 31. Bh4 Rb8 32. Nb5 Rf8 33. Re7 Rf4 34.
Nd6 Qb4 35. Be1 Qb6 36. a5 Qd8 37. Nf7+ Rxf7 38. Rxf7 Qe8 39. Bh4 e4 40. Qf4 e3
41. Rdxd7 Bxd7 42. Rxd7 e2 43. Bxe2 Rb4 44. Re7 Qxe7 45. Bxe7 Rxf4 46. Bxc5 1-0

[Event "Fall TNM"]
[Site "San Francisco"]
[Date "2005.12.06"]
[Round "6"]
[White "Sanguinetti, George"]
[Black "Standen, Julian"]
[Result "1-0"]
[WhiteElo "1941"]
[BlackElo "1731"]
[PlyCount "62"]
[EventDate "2005.11.01"]
[EventType "swiss"]
[EventRounds "8"]
[EventCountry "USA"]

1. e4 c6 2. d4 d5 3. exd5 cxd5 4. c4 Nf6 5. Nc3 e6 6. Nf3 Be7 7. a3 O-O 8. c5
b6 9. b4 a5 10. Bf4 axb4 11. axb4 Rxa1 12. Qxa1 bxc5 13. bxc5 Nc6 14. Bb5 Nxd4
15. Nxd4 Bxc5 16. Qa4 Ne4 17. Nxe4 dxe4 18. Be3 Qb6 19. O-O Bb7 20. Nc2 Ra8 21.
Bxc5 Qxc5 22. Qc4 Qb6 23. Ne3 Rc8 24. Qe2 Qc5 25. Ba6 Bxa6 26. Qxa6 h6 27. h3
Rb8 28. Qc4 Qxc4 29. Nxc4 f5 30. Ra1 Kf7 31. Ne5+ Kf8 1-0

[Event "Fall TNM"]
[Site "San Francisco"]
[Date "2005.12.06"]
[Round "6"]
[White "Starr, Albert"]
[Black "Salvo, Tab"]
[Result "0-1"]
[WhiteElo "1521"]
[BlackElo "1712"]
[PlyCount "154"]
[EventDate "2005.11.01"]
[EventType "swiss"]
[EventRounds "8"]
[EventCountry "USA"]

1. b4 Nf6 2. Bb2 g6 3. e3 Bg7 4. Nf3 O-O 5. b5 d6 6. Be2 c6 7. a4 Nbd7 8. O-O
a6 9. c4 axb5 10. axb5 Rxa1 11. Bxa1 Nb6 12. d3 Be6 13. Nbd2 Qc7 14. Ng5 Bd7
15. Bf3 Ra8 16. Nge4 cxb5 17. Nxf6+ exf6 18. Ne4 f5 19. Nf6+ Kh8 20. Nxd7 Rxa1
21. Qb3 Rxf1+ 22. Kxf1 Nxd7 23. cxb5 Ne5 24. Bd5 Kg8 25. h3 g5 26. d4 Ng6 27.
b6 Qd7 28. Kg1 f4 29. Qa2 fxe3 30. fxe3 Qe7 31. Qa8+ Nf8 32. Kf2 h5 33. Bxb7
Kh7 34. Be4+ Kh6 35. b7 Qxe4 36. b8=Q Qh4+ 37. Kg1 Qe1+ 38. Kh2 Qxe3 39. Qxd6+
Ng6 40. Qf3 Bxd4 41. Qxe3 Bxe3 42. Qf6 Bf4+ 43. g3 Be5 44. Qxf7 h4 45. Kg2 Bxg3
46. Qe6 Bf4 47. Kf3 Kg7 48. Kg4 Ne5+ 49. Kh5 Kf8 50. Qf6+ Ke8 51. Kh6 Kd7 52.
Kg7 Kc7 53. Qf5 Kd6 54. Qe4 Ke6 55. Kf8 Kd6 56. Ke8 Ke6 57. Qe2 Kd5 58. Qg2+
Kd4 59. Ke7 Ke3 60. Ke6 Nd3 61. Kf5 Nf2 62. Qd5 Ke2 63. Qb3 Kf1 64. Ke6 Kg2 65.
Qc2 Kf3 66. Qc6+ Kg3 67. Qc3+ Kg2 68. Qc6+ Kxh3 69. Qf3+ Bg3 70. Kf5 g4 71. Qb3
Kh2 72. Kg5 h3 73. Qc2 Kg2 74. Qe2 h2 75. Qc2 h1=Q 76. Qc6+ Kg1 77. Qc1+ Kh2
0-1

[Event "Fall TNM"]
[Site "San Francisco"]
[Date "2005.12.06"]
[Round "6"]
[White "Stephenson, Lloyd"]
[Black "Chan, John"]
[Result "1-0"]
[WhiteElo "1782"]
[BlackElo "1613"]
[PlyCount "91"]
[EventDate "2005.11.01"]
[EventType "swiss"]
[EventRounds "8"]
[EventCountry "USA"]

1. Nf3 d5 2. g3 Nc6 3. d4 Nf6 4. Bg2 Bf5 5. O-O h5 6. c4 e6 7. Nc3 Be7 8. Bf4
a6 9. Rc1 Bd6 10. Ne5 Bxe5 11. dxe5 Ng4 12. cxd5 Ncxe5 13. h3 Ng6 14. hxg4 hxg4
15. dxe6 Bxe6 16. Qxd8+ Rxd8 17. Bg5 f6 18. Be3 c6 19. Rfd1 Kf7 20. Bb6 Rxd1+
21. Rxd1 f5 22. b3 Re8 23. e3 Ne5 24. Rd8 Rxd8 25. Bxd8 Bc8 26. Bb6 Nd7 27. Na4
g6 28. Kf1 Ne5 29. Ke2 Be6 30. Nc5 Bc8 31. Bc7 Nd7 32. Nxd7 Bxd7 33. Kd3 Ke6
34. Kd4 Be8 35. Kc5 Kd7 36. Bf4 Bf7 37. Kb6 Kc8 38. e4 fxe4 39. Bxe4 Be8 40.
Bc2 Bf7 41. Bd3 Be8 42. Bc4 Bd7 43. Bf7 Bf5 44. a3 Kd7 45. Kxb7 Ke7 46. Bc4 1-0